000 00679nam a22001937a 4500
003 JO-AjAnu
005 20241022122726.0
008 231128b jo ||||| |||| 00| 0 ara d
020 _a0750678372
040 _aJO-AjAnu
_beng
_cJO-AjAnu
050 _aLC5225.
_aL42.K56
_a2005
100 1 _aKnowles, Malcolm S
_964507
_eauthor
245 0 1 _aThe Adult Learner : the Definitive classic in Adult Education and Humman R esource Development /
_cMalcolm.s, Knowels, elwoodf, holton, Richard A.Swanson
250 _aSIXTH EDITION
260 _aNEW YORK :
_bELSEVIER,
_c2005
300 _a378 pages
650 0 _aLanguage-Adult Learners'Writing Guide
_964498
942 _2lcc
_cBK
_n0
999 _c33176
_d33176